| 000 | 00674nam a2200217 a 4500 | ||
|---|---|---|---|
| 999 |
_c5744 _d5744 |
||
| 001 | 5744 | ||
| 003 | BD-JhCC | ||
| 005 | 20180102180049.0 | ||
| 008 | 171220s1996 bg |||| ||a| 000 0 bg d | ||
| 035 | _a(BD-JhCC)5744 | ||
| 040 |
_aBD-JhCC _dBD-JhCC |
||
| 041 | _abg | ||
| 082 |
_a954.92 _bCHK 1996 |
||
| 100 | _aচকবর্তী, রতন লাল | ||
| 245 |
_aসিপাহি যুদ্ধ ও বাংলাদেশ / _cরতন লাল চকবর্তী |
||
| 260 |
_aঢাকা : _bবাংলা একাডেমী, _c১৯৯৬. |
||
| 300 |
_a226 p. : _c21 cm. |
||
| 650 |
_aSeopy War _zBangladesh |
||
| 942 |
_2ddc _cBK |
||